00461nam a22001457a 450000500170000001000150001702000300003203500140006203700130007608200110008924500590010026000400015927000920019930000240029120210304170400.0 aENG-129157 a978-81-88769-72-8c340.00 aEN-112689 bDBAD/PUB a240.33 aCoincidences (Yogayoga): Memories of Padmanabh S Jaini aMumbaibHindi Granth Karyalayc2019 bMumbaie400004a9 Hirabaug, C P Tankmhindipremi1912@gmail.comk9820896128, 22 23826739 avi+137p.c22cm(pbk)